[Event "2nd Asian Nations Team Cup U14 2019"]
[Site "Shenzhen"]
[Date "2019.12.24"]
[Round "7.11"]
[White "Angar, Zoljargal"]
[Black "Liu, Fung Ming Mathew"]
[Result "1-0"]
[WhiteElo "1696"]
[BlackElo "1493"]
[Annotator "NA RC"]
[PlyCount "105"]
[EventDate "2019.12.19"]
[EventType "team-tourn"]
[EventCountry "CHN"]
[SourceTitle "playchess.com"]
[Source "ChessBase"]
[SourceQuality "1"]
[WhiteTeam "Mongolia"]
[BlackTeam "Hong Kong"]
[WhiteTeamCountry "MGL"]
[BlackTeamCountry "HKG"]
[TimeControl "5400+30"]

1. e4 {[%emt 0:00:00]} c5 {[%emt 0:00:00]} 2. Nf3 {[%emt 0:00:00]} d6 {[%emt 0:00:00]} 3. d4 {[%emt 0:00:00]} cxd4 {[%emt 0:00:00]} 4. Nxd4 Nf6 {[%emt 0:00:12]} 5. Nc3 {[%emt 0:00:25]} a6 {[%emt 0:00:15]} 6. Be3 {[%emt 0:01:40]} Ng4 {[%emt 0:00:20]} 7. Bg5 {[%emt 0:00:51]} Qb6 {[%emt 0:05:09]} 8. Nd5 {[%emt 0:02:58]} Qa5+ {[%emt 0:05:12]} 9. b4 {[%emt 0:00:45]} Qd8 {[%emt 0:00:00]} 10. Be2 {[%emt 0:00:49]} Nf6 {[%emt 0:00:55]} 11. Qd3 {[%emt 0:03:20]} Nxd5 12. exd5 {[%emt 0:00:20]} g6 13. O-O {[%emt 0:02:02]} Bg7 {[%emt 0:08:00]} 14. Rab1 {[%emt 0:01:49]} O-O 15. c4 Qb6 {[%emt 0:05:46]} 16. Rfd1 {[%emt 0:02:57]} Re8 {[%emt 0:03:55]} 17. Qe3 {[%emt 0:08:27]} Nd7 {[%emt 0:03:30]} 18. Nc2 {[%emt 0:04:11]} Qxe3 {[%emt 0:05:27]} 19. Nxe3 {[%emt 0:02:28]} h6 {[%emt 0:01:27]} 20. Bh4 {[%emt 0:02:26]} g5 {[%emt 0:03:02]} 21. Bg3 {[%emt 0:00:00]} Nf6 {[%emt 0:00:15]} 22. f3 {[%emt 0:01:38]} Nh5 {[%emt 0:00:55]} 23. Bf2 {[%emt 0:01:29]} Nf4 {[%emt 0:00:28]} 24. Bf1 {[%emt 0:01:17]} Bd7 {[%emt 0:00:54]} 25. g3 {[%emt 0:00:21]} Ng6 {[%emt 0:03:45]} 26. c5 {[%emt 0:00:19]} Ba4 {[%emt 0:02:39]} 27. Rdc1 {[%emt 0:05:18]} Ne5 {[%emt 0:01:55]} 28. Kg2 {[%emt 0:03:29]} Bd7 {[%emt 0:05:24]} 29. f4 {[%emt 0:02:56]} gxf4 {[%emt 0:03:59]} 30. gxf4 {[%emt 0:03:09]} Ng6 {[%emt 0:01:41]} 31. c6 {[%emt 0:04:25]} Bc8 {[%emt 0:03:30]} 32. Kf3 {[%emt 0:02:04]} e5 {[%emt 0:02:35]} 33. Nc4 {[%emt 0:06:42]} Bf8 {[%emt 0:00:32]} 34. Nb6 {[%emt 0:01:39]} e4+ {[%emt 0:01:17]} 35. Ke3 {[%emt 0:02:18]} Ra7 {[%emt 0:12:03]} 36. Nxc8 {[%emt 0:00:00]} Rxc8 {[%emt 0:00:43]} 37. Kxe4 {[%emt 0:00:00]} Re8+ {[%emt 0:00:11]} 38. Kf3 {[%emt 0:00:09]} Raa8 {[%emt 0:01:13]} 39. cxb7 {[%emt 0:01:07]} Rab8 {[%emt 0:00:40]} 40. Bxa6 {[%emt 0:00:41]} Ne7 {[%emt 0:02:25]} 41. Ba7 {[%emt 0:00:00]} Rbd8 {[%emt 0:00:20]} 42. Bb5 {[%emt 0:00:00]} Rb8 {[%emt 0:00:32]} 43. Bxe8 {[%emt 0:00:00]} Rxb7 {[%emt 0:00:00]} 44. Bd4 {[%emt 0:01:25]} Rb8 {[%emt 0:01:10]} 45. Rg1+ {[%emt 0:00:00]} Kh7 {[%emt 0:00:09]} 46. Bxf7 {[%emt 0:00:00]} Ra8 {[%emt 0:00:24]} 47. Rbe1 {[%emt 0:00:00]} Ra3+ {[%emt 0:00:14]} 48. Re3 {[%emt 0:00:00]} Rxe3+ {[%emt 0:00:27]} 49. Kxe3 {[%emt 0:00:00]} Nf5+ {[%emt 0:00:10]} 50. Kd3 {[%emt 0:00:00]} Nxd4 {[%emt 0:00:19]} 51. Kxd4 {[%emt 0:00:00]} Bg7+ {[%emt 0:00:10]} 52. Rxg7+ {[%emt 0:00:00]} Kxg7 {[%emt 0:00:05]} 53. Be6 {[%emt 0:00:00]} 1-0

[Event "2nd Asian Nations Team Cup U14 2019"]
[Site "Shenzhen"]
[Date "2019.12.24"]
[Round "7.12"]
[White "Lee, Gerent Chak Yan"]
[Black "Ulziikhishig Khishigbat"]
[Result "0-1"]
[WhiteElo "1450"]
[BlackElo "1525"]
[Annotator "NA RC"]
[PlyCount "79"]
[EventDate "2019.12.19"]
[EventType "team-tourn"]
[EventCountry "CHN"]
[SourceTitle "playchess.com"]
[Source "ChessBase"]
[SourceQuality "1"]
[WhiteTeam "Hong Kong"]
[BlackTeam "Mongolia"]
[WhiteTeamCountry "HKG"]
[BlackTeamCountry "MGL"]
[TimeControl "5400+30"]

1. d4 {[%emt 0:00:00]} d5 {[%emt 0:00:00]} 2. c4 {[%emt 0:00:00]} e6 {[%emt 0:00:00]} 3. Nf3 {[%emt 0:00:00]} Nf6 {[%emt 0:00:01]} 4. g3 {[%emt 0:00:03]} c6 {[%emt 0:00:10]} 5. Bg2 Nbd7 {[%emt 0:00:13]} 6. O-O {[%emt 0:00:15]} Be7 {[%emt 0:00:57]} 7. Qc2 {[%emt 0:00:13]} O-O {[%emt 0:00:21]} 8. Nc3 {[%emt 0:00:18]} b6 {[%emt 0:01:36]} 9. e4 {[%emt 0:02:25]} dxe4 {[%emt 0:00:52]} 10. Nxe4 {[%emt 0:00:00]} Bb7 {[%emt 0:00:48]} 11. Ne5 {[%emt 0:06:27]} Rc8 {[%emt 0:01:38]} 12. Bf4 {[%emt 0:07:42]} Nxe4 {[%emt 0:04:56]} 13. Bxe4 {[%emt 0:00:00]} Nf6 {[%emt 0:00:46]} 14. Bg2 Bd6 {[%emt 0:05:22]} 15. Bg5 {[%emt 0:05:17]} Rc7 {[%emt 0:07:32]} 16. Rad1 {[%emt 0:08:37]} h6 {[%emt 0:01:36]} 17. Bf4 {[%emt 0:07:55]} Rc8 {[%emt 0:05:13]} 18. Qa4 {[%emt 0:01:28]} Qc7 {[%emt 0:09:50]} 19. c5 {[%emt 0:00:39]} bxc5 {[%emt 0:01:56]} 20. Rfe1 {[%emt 0:02:11]} cxd4 {[%emt 0:02:05]} 21. Rxd4 {[%emt 0:02:41]} Nd5 {[%emt 0:01:58]} 22. Bxd5 {[%emt 0:07:10]} exd5 {[%emt 0:00:00]} 23. Nd3 {[%emt 0:00:27]} c5 {[%emt 0:01:33]} 24. Bxd6 {[%emt 0:00:15]} Qxd6 {[%emt 0:00:11]} 25. Rf4 {[%emt 0:01:34]} Rc7 {[%emt 0:00:55]} 26. Ne5 {[%emt 0:00:22]} Re7 {[%emt 0:01:04]} 27. Rf5 {[%emt 0:01:38]} g6 {[%emt 0:00:34]} 28. Qf4 {[%emt 0:04:59]} gxf5 {[%emt 0:01:38]} 29. Qxf5 {[%emt 0:00:00]} Bc8 {[%emt 0:00:30]} 30. Qh5 {[%emt 0:00:44]} Rfe8 {[%emt 0:02:25]} 31. f4 {[%emt 0:00:00]} d4 {[%emt 0:00:54]} 32. g4 {[%emt 0:00:27]} d3 {[%emt 0:00:09]} 33. g5 {[%emt 0:00:00]} d2 {[%emt 0:00:21]} 34. Rd1 {[%emt 0:00:00]} Qd4+ {[%emt 0:01:02]} 35. Kg2 {[%emt 0:01:33]} Qe4+ {[%emt 0:00:20]} 36. Kg3 {[%emt 0:00:00]} Qe3+ {[%emt 0:01:00]} 37. Nf3 {[%emt 0:00:00]} Bb7 {[%emt 0:00:46]} 38. gxh6 {[%emt 0:00:00]} Qxf3+ {[%emt 0:00:11]} 39. Qxf3 {[%emt 0:00:00]} Bxf3 {[%emt 0:00:05]} 40. Kxf3 {[%emt 0:00:11]} 0-1

[Event "2nd Asian Nations Team Cup U14 2019"]
[Site "Shenzhen"]
[Date "2019.12.24"]
[Round "7.13"]
[White "Daneshvar, Bardiya"]
[Black "Amilal Munkhdalai"]
[Result "1-0"]
[WhiteElo "2330"]
[BlackElo "2126"]
[Annotator "TA"]
[PlyCount "143"]
[EventDate "2019.12.19"]
[EventType "team-tourn"]
[EventCountry "CHN"]
[SourceTitle "playchess.com"]
[Source "ChessBase"]
[SourceQuality "1"]
[WhiteTeam "Iran"]
[BlackTeam "Mongolia"]
[WhiteTeamCountry "IRI"]
[BlackTeamCountry "MGL"]

{[%evp 25,143,23,27,4,5,5,7,0,26,28,23,22,21,7,20,0,12,13,9,0,9,0,0,0,0,-49,-39,-48,-22,-22,-16,-25,0,-34,-14,-62,-48,-39,-27,-27,-22,-22,-19,-31,-25,-20,-20,-35,-12,-34,-15,-11,0,0,0,0,0,0,0,-5,-5,-6,-1,-30,0,-7,-8,-34,0,-7,-7,-10,0,0,0,0,0,0,8,7,2,0,74,67,63,62,181,164,154,150,168,170,192,184,175,181,329,330,325,326,505,509,509,508,551,542,527,505,614,531,991,1054,6046,5311,29984,29985,29986,29987,29987,29988]} 1. Nf3 ({Predecessor:} 1. c4 e6 2. Nf3 d5 3. b3 Nf6 4. Bb2 Be7 5. g3 O-O 6. Bg2 Nbd7 7. O-O c5 8. cxd5 Nxd5 9. Nc3 N7f6 10. Rc1 b6 11. d4 Bb7 12. dxc5 Bxc5 13. Ne5 Qe7 14. Nxd5 {1-0 (39) Piro,V-Aguirre Izaguirre,P Buenos Aires 1947}) 1... Nf6 2. g3 e6 3. Bg2 d5 4. O-O Be7 5. c4 O-O 6. b3 b6 7. Bb2 Bb7 8. cxd5 Nxd5 9. Nc3 Nd7 10. Rc1 Bf6 11. d4 c5 12. Ne4 Be7 13. dxc5 Nxc5 14. Nxc5 $146 {E17: Queen's Indian: 4 g3 Bb7 5 Bg2 Be7} (14. Qd4 {with more complications.} f6 15. Rfd1 Qe8 16. Ne1 Rc8 17. Nxc5 Bxc5 18. Qg4) (14. Ne5 Rc8 15. Nxc5 Bxc5 16. Nd3 Be7 17. Rxc8 Qxc8 18. Qa1 Nf6 19. Rc1 Qa8 20. Rc7 Bxg2 21. Rxe7 Nd5 {1-0 (39) Chan,K (2175)-Buchenau,F (2289) Stockholm 2019}) 14... Bxc5 15. Ne5 Qe7 16. Nd3 {The position is equal.} Ba3 17. Qd2 Rad8 18. Bxa3 Qxa3 19. Rc4 Qe7 20. e4 Nf6 21. e5 Nd5 22. Rd4 Ba8 23. Rd1 Qc7 24. Rc1 Qb8 25. Qg5 h6 26. Qh4 Rc8 27. Rdc4 Rxc4 28. Qxc4 Ne7 29. Bxa8 Qxa8 30. Qf4 (30. Qc7 $5 {[%cal Rc7e7]} Nf5 31. Qc6 $15) 30... Rd8 31. Ne1 Nf5 32. Qf3 Qb8 33. Qe4 Rd4 34. Qe2 Qb7 35. Nf3 Rd5 36. Rc4 Qd7 37. Qc2 {[#] Black must now prevent Rc8+.} Rd1+ 38. Kg2 {And now g4 would win.} Rd3 39. Rc7 Qd5 40. Qc6 Qxc6 41. Rxc6 $11 {[%mdl 4096] Endgame KRN-KRN} Rd7 42. Rc8+ Kh7 43. Rc4 g5 44. Kf1 Kg6 45. Ke2 h5 46. g4 Nh6 47. h3 hxg4 48. hxg4 Ng8 49. Rc8 Ne7 50. Rh8 Rd5 51. Rh5 f6 52. exf6 Kxf6 53. Nd2 Rd4 (53... Nc6 $11) 54. f3 $16 Rd5 55. Rh7 {[#] Ne4+ is the strong threat.} Nc6 ({Black should try} 55... Rd7 $14) 56. Ne4+ $18 Kg6 57. Rc7 Nd4+ 58. Ke3 a5 59. Rc4 e5 60. Rc8 Ne6 (60... a4 $142) 61. Rc6 Kf7 62. Rxb6 Nf4 (62... Ke7 {might work better.} 63. Rb7+ Kf8) 63. Nxg5+ Ke7 64. Ke4 Rd2 65. Kxe5 Nd3+ 66. Kf5 Rxa2 67. Rb7+ Ke8 68. Ne4 Rb2 69. g5 a4 70. g6 {White mates.} Rxb3 71. Nf6+ Kd8 72. Rxb3 {Accuracy: White = 57%, Black = 38%.} 1-0

[Event "2nd Asian Nations Team Cup U14 2019"]
[Site "Shenzhen"]
[Date "2019.12.24"]
[Round "7.14"]
[White "Tsogtbayar, Batlut"]
[Black "Atakhan, Abtin"]
[Result "0-1"]
[WhiteElo "1404"]
[BlackElo "2307"]
[Annotator "TA"]
[PlyCount "44"]
[EventDate "2019.12.19"]
[EventType "team-tourn"]
[EventCountry "CHN"]
[SourceTitle "playchess.com"]
[Source "ChessBase"]
[SourceQuality "1"]
[WhiteTeam "Mongolia"]
[BlackTeam "Iran"]
[WhiteTeamCountry "MGL"]
[BlackTeamCountry "IRI"]

{[%evp 18,86,25,25,44,39,35,29,35,44,37,-8,-20,-29,-39,-42,-33,-82,-3,0,-10,-20,-36,-43,-53,-50,-47,-55,-43,-172,-179,-171,-171,-252,-237,-243,-230,-236,-231,-234,-233,-285,-278,-268,-233,-236,-230,-239,-225,-204,-207,-273,-247,-312,-285,-301,-290,-296,-287,-286,-224,-357,-299,-362,-361,-366,-306,-424,-418,-6628,-6632]} 1. d4 Nf6 2. Nf3 g6 3. g3 Bg7 4. Bg2 c5 5. c4 O-O 6. O-O cxd4 7. Nxd4 Nc6 8. Nc3 Qa5 9. Nc2 d6 10. e4 Bd7 {A38: Symmetrical English vs ...g6: 4 Bg2 Bg7 5 Nf3 Nf6} (10... Bg4 11. f3 Be6 12. Nd5 Bxd5 13. cxd5 Ne5 14. b3 Rac8 15. Be3 Rc7 16. Nd4 a6 17. Qe2 Nfd7 18. f4 {1-0 (59) Gelfand,B (2743)-Aronian,L (2797) Beijing 2014}) 11. Bd2 Rfc8 12. Ne3 Qd8 {White has an edge.} 13. Rc1 a6 14. Re1 $146 ({Predecessor:} 14. a4 Rab8 15. b3 {½-½ (15) Papenin,N (2415)-Evchin,M (2265) Kiev 2003}) 14... b5 15. b3 Ne5 16. Bf1 bxc4 17. bxc4 Nfg4 (17... Be6 $17) 18. Ncd5 $11 Rab8 19. f4 Nxe3 20. Bxe3 Bg4 21. Be2 Bxe2 22. Qxe2 Nd7 {Played: Rb8-b2} 0-1

[Event "2nd Asian Nations Team Cup U14 2019"]
[Site "Shenzhen"]
[Date "2019.12.24"]
[Round "7.17"]
[White "Li, Shanglin"]
[Black "Zhang, Di"]
[Result "0-1"]
[WhiteElo "2020"]
[BlackElo "2013"]
[Annotator "NA RC"]
[PlyCount "118"]
[EventDate "2019.12.19"]
[EventType "team-tourn"]
[EventCountry "CHN"]
[SourceTitle "playchess.com"]
[Source "ChessBase"]
[SourceQuality "1"]
[WhiteTeam "China"]
[BlackTeam "China"]
[WhiteTeamCountry "CHN"]
[BlackTeamCountry "CHN"]
[TimeControl "5400+30"]

{[%evp 16,118,0,2,10,0,0,0,0,0,0,0,-1,-5,32767,32767,32767,32767,32767,33,56,27,48,27,41,37,50,32767,32767,23,33,29,35,0,12,9,0,13,14,6,10,32767,32767,32767,19,-77,4,0,19,18,106,37,33,18,36,14,8,11,6,-42,-30,-43,0,0,0,-398,-454,-369,-461,-391,-472,-490,295,352,338,300,344,275,252,285,283,0,0,0,0,0,0,-12818,-1248,-986,-934,-1780,-4706,-2245,0,0,0,-12838,-12838,32767,-1935,32767,32767,-1358,-5006]} 1. d4 {[%emt 0:00:00]} d5 {[%emt 0:00:00]} 2. c4 {[%emt 0:00:00]} dxc4 {[%emt 0:00:00]} 3. e3 {[%emt 0:00:00]} e5 {[%emt 0:00:07]} 4. Bxc4 {[%emt 0:00:00]} exd4 5. exd4 {[%emt 0:00:00]} Bd6 {[%emt 0:00:21]} 6. Nf3 {[%emt 0:00:00]} Nf6 {[%emt 0:00:11]} 7. O-O {[%emt 0:00:20]} O-O {[%emt 0:00:07]} 8. Nc3 {[%emt 0:00:19]} Nc6 {[%emt 0:02:29]} 9. h3 {[%emt 0:00:13]} h6 {[%emt 0:02:40]} 10. Re1 {[%emt 0:00:13]} Bf5 {[%emt 0:03:50]} 11. a3 {[%emt 0:00:02]} a6 {[%emt 0:02:00] D20: Queen's Gambit Accepted: 3 e3 and 3 e4} (11... Re8 12. Rxe8+ Qxe8 13. Nb5 Qd7 14. Nxd6 Qxd6 15. Qb3 Be6 16. Bxe6 fxe6 17. Bf4 Qd5 18. Qxb7 Nxd4 19. Qxd5 Nxd5 20. Nxd4 Nxf4 {½-½ (59) Zvjaginsev,V (2673)-Popov,I (2596) Moscow 2016}) 12. d5 {[%emt 0:00:06]} Ne7 {[%emt 0:01:58]} 13. Be3 {[%emt 0:00:01]} Ng6 {[%emt 0:04:31]} 14. Nd4 {[%emt 0:01:27]} Bc8 $146 {[%emt 0:05:59]} ({Predecessor:} 14... Bd7 15. Qd2 Re8 16. Rad1 Qc8 17. Bf1 Nh4 18. Bf4 Rxe1 19. Rxe1 {0-1 (62) Curien,N (2232)-Souleidis,G (2395) Basel 2004}) 15. Ba2 {[%emt 0:00:43]} Re8 {[%emt 0:00:30]} 16. Qc2 {[%emt 0:02:34]} Nf8 {[%emt 0:08:33]} 17. Rad1 {[%emt 0:00:58]} Re5 {[%emt 0:03:03]} 18. Bc4 {[%emt 0:05:26]} Bd7 {[%emt 0:02:20]} 19. Nf3 {[%emt 0:09:04]} Re8 {[%emt 0:04:10]} 20. Bd4 {[%emt 0:01:06]} Rxe1+ {[%emt 0:01:19]} 21. Rxe1 {[%emt 0:00:17]} Ng6 {[%emt 0:01:40]} 22. Ba2 {[%emt 0:14:16]} Nh5 {[%emt 0:05:24]} 23. Ne4 {[%emt 0:03:29]} Bf5 {[%emt 0:01:14]} 24. Bb1 {[%emt 0:01:34]} Nhf4 {[%emt 0:01:41]} 25. Qb3 {[%emt 0:02:19]} Qc8 {[%emt 0:10:25]} 26. Nxd6 {[%emt 0:02:52]} cxd6 {[%emt 0:00:03]} 27. Bxf5 {[%emt 0:00:09]} Qxf5 {[%emt 0:00:08]} 28. Qxb7 {[%emt 0:00:14]} Rf8 {[%emt 0:02:49]} 29. Qb3 {[%emt 0:02:10]} h5 {[%emt 0:06:13]} 30. Qe3 {[%emt 0:02:04]} (30. Qd1 $11) 30... Qxd5 {[%emt 0:02:04]} (30... Nxg2 $1 $15 31. Kxg2 Nf4+ {[%mdl 64] Double Attack} 32. Kg1 Qg6+ 33. Ng5 Qxg5+ {[%mdl 64] Double Attack} 34. Qg3 Rc8) 31. g3 {[%emt 0:03:25]} Ne6 {[%emt 0:02:08]} 32. Bc3 {[%emt 0:02:18]} Qf5 {[%emt 0:02:30]} (32... Re8 $11 {remains equal.}) 33. Kh2 {[%emt 0:02:45]} (33. Nd4 $16 Nxd4 34. Qxd4) 33... Rd8 {[%emt 0:01:44]} 34. Nd4 {[%emt 0:03:43]} Nxd4 {[%emt 0:00:08]} 35. Bxd4 {[%emt 0:00:01]} d5 {[%emt 0:06:30]} 36. b4 {[%emt 0:01:37]} h4 {[%emt 0:02:50]} 37. Qe2 {[%emt 0:06:57]} ({White should try} 37. g4 $11 Qf4+ 38. Kg1) 37... hxg3+ {[%emt 0:01:09]} 38. fxg3 {[%emt 0:01:01]} Nf8 {[%emt 0:00:13]} 39. Qxa6 {[%emt 0:10:21]} Ne6 {[%emt 0:01:06]} 40. Bg1 $2 {[%emt 0:00:18]} (40. Rf1 $11 {and White has nothing to worry.} Qe4 41. Bb6) 40... Ng5 {[%emt 0:04:11]} 41. Qf1 {[%emt 0:03:05]} Nf3+ {[%emt 0:00:03]} 42. Kh1 {[%emt 0:00:07]} d4 {[%emt 0:00:06]} 43. Rd1 {[%emt 0:01:33]} d3 $4 {[%emt 0:01:08]} (43... Qe4 $19 44. Bf2 d3) 44. Kg2 {[%emt 0:00:24]} Nh4+ {[%emt 0:02:40]} 45. gxh4 {[%emt 0:00:17]} Qg6+ {[%emt 0:00:06]} 46. Kh1 {[%emt 0:01:20]} d2 {[%emt 0:00:56] [#]} 47. Qf3 $1 {[%emt 0:01:49]} Rd3 {[%emt 0:02:10] [#]} 48. Qg2 $2 {[%emt 0:04:33]} (48. Be3 $1 $18) 48... Qe6 {[%emt 0:02:55]} 49. Kh2 $11 {[%emt 0:02:38]} Qe5+ {[%emt 0:00:02]} 50. Kh1 {[%emt 0:00:31]} Qe6 {[%emt 0:00:19]} 51. Qf2 $2 {[%emt 0:09:51]} Rxh3+ {[%emt 0:00:49]} 52. Bh2 {[%emt 0:00:00]} Qe4+ {[%emt 0:00:29]} 53. Qg2 {[%emt 0:00:06]} Qe1+ {[%emt 0:00:06]} 54. Qg1 $11 {[%emt 0:00:01]} Qe4+ $2 {[%emt 0:00:01]} (54... Qe2 $19 55. Rxd2 Qxd2 56. b5) 55. Qg2 {[%emt 0:00:25]} Qe1+ {[%emt 0:00:01] Double Attack} 56. Qf1 $19 {[%emt 0:00:23] [#]} Re3 $1 {[%emt 0:01:52]} 57. Kg2 {[%emt 0:03:11]} Re2+ {[%emt 0:00:12]} 58. Kg1 {[%emt 0:00:11]} Qxd1 {[%emt 0:00:12]} 59. Qxd1 {[%emt 0:00:17]} Re1+ {[%emt 0:00:01] Double Attack} 0-1

[Event "2nd Asian Nations Team Cup U14 2019"]
[Site "Shenzhen"]
[Date "2019.12.24"]
[Round "7.18"]
[White "Xiao, Tong"]
[Black "Xue, Haowen"]
[Result "1/2-1/2"]
[WhiteElo "1925"]
[BlackElo "1909"]
[Annotator "NA RC"]
[PlyCount "94"]
[EventDate "2019.12.19"]
[EventType "team-tourn"]
[EventCountry "CHN"]
[SourceTitle "playchess.com"]
[Source "ChessBase"]
[SourceQuality "1"]
[WhiteTeam "China"]
[BlackTeam "China"]
[WhiteTeamCountry "CHN"]
[BlackTeamCountry "CHN"]
[TimeControl "5400+30"]

{[%evp 19,94,0,18,6,18,10,33,-32,-32,-22,-45,-43,-17,-52,-25,-102,0,0,0,-67,-142,-153,-147,-153,-156,-169,-146,-153,-152,-164,-149,-161,-181,-187,-152,-133,-147,-140,-142,-174,-44,-48,-54,-42,-8,-17,-14,-8,0,0,0,0,0,-18,0,0,0,0,0,0,0,0,0,-49,0,0,0,0,0,0,0,0,0,0,0,-64,-16]} 1. e4 {[%emt 0:00:00]} c5 {[%emt 0:00:00]} 2. Nf3 {[%emt 0:00:00]} Nc6 {[%emt 0:00:03]} 3. d4 {[%emt 0:00:11]} cxd4 {[%emt 0:00:05]} 4. Nxd4 {[%emt 0:00:02]} Nf6 {[%emt 0:00:10]} 5. Nc3 {[%emt 0:00:05]} d6 {[%emt 0:00:08]} 6. Bg5 {[%emt 0:00:05]} e6 {[%emt 0:00:32]} 7. Qd2 {[%emt 0:00:22]} a6 {[%emt 0:00:07]} 8. O-O-O {[%emt 0:00:10]} h6 {[%emt 0:00:07]} 9. Bf4 {[%emt 0:01:25]} Bd7 {[%emt 0:00:06]} 10. Nb3 {[%emt 0:01:44]} Ne5 {[%emt 0:00:19]} 11. Bg3 {[%emt 0:01:18] B66: Sicilian: Richter-Rauzer: 7...a6 8 0-0-0 h6} (11. f3 b5 12. Kb1 Qc7 13. Bd3 Be7 14. h4 Rb8 15. Ne2 Nc4 16. Bxc4 bxc4 17. Nbc1 e5 18. Be3 d5 19. exd5 {½-½ (45) Shyam,S (2402)-Adhiban,B (2439) Mangalore 2008}) 11... b5 {[%emt 0:05:25]} 12. f4 {[%emt 0:02:09]} b4 {[%emt 0:00:59]} 13. fxe5 {[%emt 0:01:06]} (13. Nd5 $5 Nxe4 14. Qxb4 Nxg3 15. hxg3 $11) 13... bxc3 {[%emt 0:00:06]} 14. Qd4 {[%emt 0:01:36]} cxb2+ {[%emt 0:01:17]} 15. Kxb2 {[%emt 0:00:09]} dxe5 {[%emt 0:00:28]} 16. Bxe5 {[%emt 0:01:02]} Be7 {[%emt 0:03:42]} 17. Bd3 $146 {[%emt 0:03:17]} ({Predecessor:} 17. Be2 Bc6 18. Qxd8+ Bxd8 {0-1 (48) Hamara,R (2000)-Gano,A (2000) ICCF email 2008}) 17... O-O {[%emt 0:12:43]} ({Black should try} 17... Bc6 $15) 18. Bxf6 $1 {[%emt 0:06:14]} gxf6 {[%emt 0:00:32]} (18... Bxf6 $5 19. e5 $8 Be7 $11) 19. Qe3 {[%emt 0:04:49]} ({White must play} 19. e5 $1 $11 fxe5 20. Qg4+ Kh8 21. Qh5) 19... Qc7 {[%emt 0:03:08]} 20. Qg3+ {[%emt 0:03:23]} Qxg3 {[%emt 0:00:15]} 21. hxg3 {[%emt 0:00:02] [#]} Kg7 $1 {[%emt 0:03:56]} 22. Bxa6 {[%emt 0:01:59]} Bc6 {[%emt 0:01:19]} 23. Bd3 {[%emt 0:01:27]} Ra4 {[%emt 0:01:11]} 24. Rh5 {[%emt 0:02:42]} Rfa8 {[%emt 0:06:29]} 25. Rdh1 {[%emt 0:07:59]} Rxa2+ {[%emt 0:01:16]} 26. Kc3 {[%emt 0:00:08] [#]} f5 $1 {[%emt 0:15:45]} 27. exf5 {[%emt 0:04:01]} Bf6+ {[%emt 0:01:23]} 28. Kd2 {[%emt 0:00:17]} Bxg2 {[%emt 0:00:56]} 29. Re1 {[%emt 0:05:32]} e5 {[%emt 0:05:53]} (29... R8a3 $19 30. Rb1 Bf3) 30. Nc5 $1 {[%emt 0:12:30]} Bf3 {[%emt 0:00:43] [#]} 31. g4 $1 {[%emt 0:01:18]} Bg5+ {[%emt 0:00:33] [#]} 32. Rxg5+ $1 {[%emt 0:02:45]} hxg5 {[%emt 0:01:11] [#]} 33. f6+ $1 {[%emt 0:00:08] Decoy} Kf8 {[%emt 0:02:37]} ({Of course not} 33... Kxf6 $6 34. Rf1 $16) 34. Rxe5 {[%emt 0:01:38]} Rd8 {[%emt 0:04:43]} ({Wrong is} 34... Bxg4 $2 35. Rxg5 R2a5 36. Bh7 $18) 35. Ke3 {[%emt 0:02:55]} Bd1 {[%emt 0:04:00]} 36. Bf5 {[%emt 0:08:45]} Bxc2 {[%emt 0:01:29]} 37. Nd7+ {[%emt 0:00:29]} Kg8 {[%emt 0:00:31]} 38. Bxc2 {[%emt 0:00:14]} Rxc2 {[%emt 0:00:27]} 39. Rxg5+ {[%emt 0:00:05]} Kh7 {[%emt 0:00:13]} 40. Rg7+ {[%emt 0:04:36]} Kh6 {[%emt 0:00:32]} 41. g5+ {[%emt 0:03:10]} Kh5 {[%emt 0:00:06]} 42. Ne5 {[%emt 0:00:21]} Re8 {[%emt 0:01:58]} 43. Kf4 {[%emt 0:00:50]} Rf2+ {[%emt 0:06:52]} 44. Nf3 {[%emt 0:00:20]} Rh8 {[%emt 0:00:12]} 45. Kg3 {[%emt 0:02:36]} Rf1 {[%emt 0:00:39]} 46. Kg2 {[%emt 0:01:55]} Ra1 {[%emt 0:01:04]} 47. Ne5 {[%emt 0:00:52]} (47. Kg3 $11) 47... Re8 $11 {[%emt 0:04:42]} 1/2-1/2

[Event "2nd Asian Nations Team Cup U14 2019"]
[Site "Shenzhen"]
[Date "2019.12.24"]
[Round "7.19"]
[White "Lu, Miaoyi"]
[Black "Chen, Yuan"]
[Result "0-1"]
[WhiteElo "1787"]
[BlackElo "2056"]
[Annotator "NA RC"]
[PlyCount "50"]
[EventDate "2019.12.19"]
[EventType "team-tourn"]
[EventCountry "CHN"]
[SourceTitle "playchess.com"]
[Source "ChessBase"]
[SourceQuality "1"]
[WhiteTeam "China"]
[BlackTeam "China"]
[WhiteTeamCountry "CHN"]
[BlackTeamCountry "CHN"]
[TimeControl "5400+30"]

{[%evp 17,50,27,6,0,25,-1,0,0,-12,-11,32767,32767,32767,32767,32767,32767,32767,0,2,0,10,0,0,4,0,-447,-416,-1017,-1040,-29988,-29989,-29989,-29990,-29990,-29991]} 1. d4 {[%emt 0:00:00]} Nf6 {[%emt 0:00:00]} 2. c4 {[%emt 0:00:00]} e6 {[%emt 0:00:00]} 3. g3 {[%emt 0:00:00]} d5 {[%emt 0:00:00]} 4. Nf3 {[%emt 0:00:00]} c6 {[%emt 0:00:38]} 5. Bg2 {[%emt 0:00:00]} Be7 {[%emt 0:00:12]} 6. O-O {[%emt 0:00:05]} O-O {[%emt 0:00:08]} 7. Qc2 {[%emt 0:01:14]} Nbd7 {[%emt 0:00:10]} 8. Nbd2 {[%emt 0:00:07]} c5 {[%emt 0:00:35]} 9. cxd5 {[%emt 0:01:48]} exd5 {[%emt 0:00:10]} 10. dxc5 {[%emt 0:02:37] E09: Closed Catalan: Main Line: 7 Qc2 c6 8 Nbd2} (10. b3 b6 11. Bb2 Ba6 12. Rfe1 Rc8 13. Qd1 Re8 14. Rc1 Bd6 15. Nh4 Bf8 16. Ndf3 Ne4 17. Ne5 Ndf6 {1-0 (75) Pham,C (2353)-Shyam,N (2431) Ho Chi Minh City 2014}) 10... Nxc5 {[%emt 0:00:05]} 11. Nd4 {[%emt 0:03:34]} Bd7 $146 {[%emt 0:03:37]} ({Predecessor:} 11... Re8 12. b3 Bg4 13. f3 Ne6 14. Nxe6 Bxe6 15. Bb2 Qb6+ 16. Kh1 Qe3 17. Qd1 Nh5 {1-0 (37) Guimaraes,W (2232)-Manzi,L (2017) Rio de Janeiro 2018}) 12. N2f3 {[%emt 0:05:47]} Rc8 {[%emt 0:01:53]} 13. Qd1 {[%emt 0:02:21]} Bd6 {[%emt 0:01:56]} 14. Bg5 {[%emt 0:03:03]} Nce4 {[%emt 0:00:36]} 15. Bxf6 Qxf6 {[%emt 0:01:11]} 16. Qb3 {[%emt 0:01:50]} Bc6 {[%emt 0:01:54]} 17. Rac1 {[%emt 0:04:34]} Bc5 {[%emt 0:02:40]} 18. Nxc6 {[%emt 0:06:19]} bxc6 {[%emt 0:00:28]} 19. Qc2 {[%emt 0:02:51]} Bb6 {[%emt 0:01:56]} 20. e3 {[%emt 0:05:33]} Rfe8 {[%emt 0:04:04]} 21. Rfd1 $2 {[%emt 0:02:38] [#]} (21. Ne1 $11) 21... Nxf2 $1 {[%emt 0:03:50] Remove Defender} 22. Kxf2 {[%emt 0:15:49]} (22. Rf1 $142 Ng4 23. Kh1 Nxe3 {[%mdl 64] Double Attack} 24. Qd2) 22... Rxe3 {[%emt 0:00:24]} 23. Rd2 {[%emt 0:07:01]} Rxf3+ {[%emt 0:01:12]} 24. Ke1 {[%emt 0:00:18]} Re8+ {[%emt 0:00:04]} 25. Re2 {[%emt 0:00:26]} Ba5+ {[%emt 0:00:37] Bf1} 0-1